Rethinking society in the 21st century : (Record no. 944)
[ view plain ]
| 000 -LEADER | |
|---|---|
| fixed length control field | 01231cam a2200349 a 4500 |
| 003 - CONTROL NUMBER IDENTIFIER | |
| control field | ALUPE UNIVERSITY |
| 005 - DATE AND TIME OF LATEST TRANSACTION | |
| control field | 20210622113354.0 |
| 008 - FIXED-LENGTH DATA ELEMENTS--GENERAL INFORMATION | |
| fixed length control field | 040628s2004 onc b 000 0 eng |
| 020 ## - INTERNATIONAL STANDARD BOOK NUMBER | |
| International Standard Book Number | 1551302357 |
| 040 ## - CATALOGING SOURCE | |
| Transcribing agency | CaOONL |
| 050 ## - LIBRARY OF CONGRESS CALL NUMBER | |
| Classification number | HM586 |
| Item number | R48 2004 |
| 055 #3 - CLASSIFICATION NUMBERS ASSIGNED IN CANADA | |
| Classification number | HM586 |
| Item number | R48 2004 |
| 090 ## - LOCALLY ASSIGNED LC-TYPE CALL NUMBER (OCLC); LOCAL CALL NUMBER (RLIN) | |
| Classification number (OCLC) (R) ; Classification number, CALL (RLIN) (NR) | 301 RET |
| 245 00 - TITLE STATEMENT | |
| Title | Rethinking society in the 21st century : |
| Remainder of title | critical readings in sociology / |
| Statement of responsibility, etc. | edited by Michelle Webber and Kate Bezanson. |
| 260 ## - PUBLICATION, DISTRIBUTION, ETC. | |
| Place of publication, distribution, etc. | Toronto : |
| Name of publisher, distributor, etc. | Canadian Scholars' Press, |
| Date of publication, distribution, etc. | 2004. |
| 300 ## - PHYSICAL DESCRIPTION | |
| Extent | xii, 328 pages |
| 336 ## - CONTENT TYPE | |
| Content type term | text |
| Content type code | txt |
| Source | rdacontent |
| 337 ## - MEDIA TYPE | |
| Media type term | unmediated |
| Media type code | n |
| Source | rdamedia |
| 338 ## - CARRIER TYPE | |
| Carrier type term | volume |
| Carrier type code | nc |
| Source | rdacarrier |
| 504 ## - BIBLIOGRAPHY, ETC. NOTE | |
| Bibliography, etc. note | Includes bibliographical references. |
| 650 #0 - SUBJECT ADDED ENTRY--TOPICAL TERM | |
| Topical term or geographic name entry element | Sociology |
| Form subdivision | Textbooks. |
| 700 1# - ADDED ENTRY--PERSONAL NAME | |
| Personal name | Webber, Michelle. |
| 700 1# - ADDED ENTRY--PERSONAL NAME | |
| Personal name | Bezanson, Kate. |
| 906 ## - LOCAL DATA ELEMENT F, LDF (RLIN) | |
| a | AG:0:9 |
| -- | BF:3:2 |
| -- | BY:0:1 |
| -- | CED:1:7 |
| -- | CL:0:8 |
| -- | DM:4:4 |
| -- | DT:0:1 |
| -- | EA:0:1 |
| -- | FP:1:0 |
| -- | FV:3:5 |
| -- | JS:0:1 |
| -- | MRV:2:0 |
| -- | PA:3:1 |
| -- | PK:1:0 |
| -- | PR:1:2 |
| -- | RI:0:1 |
| -- | RS:8:21 |
| -- | SWS:0:4 |
| -- | TH:1:0 |
| -- | YW:0:5 |
| 942 ## - ADDED ENTRY ELEMENTS (KOHA) | |
| Source of classification or shelving scheme | |
| Koha item type | Book |
| Suppress in OPAC | MM |
| 948 ## - LOCAL PROCESSING INFORMATION (OCLC); SERIES PART DESIGNATOR (RLIN) | |
| Series part designator, SPT (RLIN) | 22/09/2004 |
| b (OCLC) | 14/12/2004 |
| Withdrawn status | Lost status | Source of classification or shelving scheme | Damaged status | Not for loan | Permanent Location | Current Location | Shelving location | Date acquired | Total Checkouts | Full call number | Barcode | Date last seen | Price effective from | Koha item type | Public note |
|---|---|---|---|---|---|---|---|---|---|---|---|---|---|---|---|
| AU LIBRARY | AU LIBRARY | Open Shelf | 22.06.2021 | HM586 R48 2004 | 28000279 | 22.06.2021 | 22.06.2021 | Book | MM |